| 000 | 01383nam a22002537a 4500 | ||
|---|---|---|---|
| 999 |
_c58949 _d58949 |
||
| 003 | Ge_BSU | ||
| 005 | 20221024103425.0 | ||
| 008 | 221024s1998 ge ||||| |||| 00| 0 geo d | ||
| 020 | _a9992856734 | ||
| 041 | _ageo | ||
| 080 | _a316(075.8):37:343 კ-65 | ||
| 100 |
_aკოდუა, ედუარდ. _9985 |
||
| 245 |
_aსოციოლოგია. ნაკვ. 2 / _cედუარდ კოდუა ; რედაქტორი ნ. ბერძენიშვილი. |
||
| 264 |
_aთბილისი : _bთბილ. უნ-ტის გამ-ბა, _c1998. |
||
| 300 |
_a268 გვ; _b20 სმ. |
||
| 504 | _aბიბლიოგრაფია: გვ. 258-264. | ||
| 653 | _aსოციალური კონფლიქტის თეორია | ||
| 653 | _aოჯახის სოციოლოგია | ||
| 653 | _aქორწინების სოციოლოგია. ხელოვნების სოციოლოგია. პოლიტიკის სოციოლოგია. დანაშაულის სოციოლოგია | ||
| 653 | _a რელიგიის სოციოლოგია. | ||
| 653 | _a განათლების სოციოლოგია. | ||
| 700 |
_aბერძენიშვილი, ნ. _eრედაქტორი _915463 |
||
| 942 |
_2udc _cBK |
||